Didaktika administratívy a korešpondencie

Salvato in:
Dettagli Bibliografici
Autore principale: Kuláková, Mária
Ente Autore: Ekonomická univerzita v Bratislave. Národohospodárska fakulta
Altri autori: Velichová, Ľudmila, Ďurišová, Helena
Natura: Libro
Lingua:slovacco
Pubblicazione: Bratislava Vydavateľstvo EKONÓM 2011
Soggetti:
Tags: Aggiungi Tag
Nessun Tag, puoi essere il primo ad aggiungerne!!

MARC

LEADER 00000nam a2200000 4500
001 0126288
005 20240502072435.4
020 |a 978-80-225-3138-2 
041 0 |a slo 
044 |a SK 
245 1 0 |a Didaktika administratívy a korešpondencie  |c Mária Kuláková 
264 1 |a Bratislava  |b Vydavateľstvo EKONÓM  |c 2011 
300 |a 125 s. [7,153 AH] 
610 2 0 |a didaktika 
610 2 0 |a administratíva 
610 2 0 |a korešpondencia 
610 2 0 |a výchova 
610 2 0 |a vzdelávanie 
610 2 0 |a vyučovanie 
610 2 0 |a zručnosti 
610 2 0 |a písmo 
610 2 0 |a metodika 
100 1 |a Kuláková, Mária 
700 1 |a Velichová, Ľudmila 
700 1 |a Ďurišová, Helena 
710 2 |a Ekonomická univerzita v Bratislave. Národohospodárska fakulta